| 000 | 00884nam a2200217 i 4500 | ||
|---|---|---|---|
| 001 | 110528 | ||
| 003 | ES-MaACL | ||
| 005 | 20250830111226.0 | ||
| 007 | t| | ||
| 008 | 070129s1839 gw ||||1| lat d | ||
| 110 | 2 |
_aIglesia Católica _94639 |
|
| 245 | 1 | 0 |
_aCorpus juris canonici / _cpost Justi Henningii Boehmeri ; curas brevi adnotatione critica instructum ad exemplar romanum denuo edidit Aemilius Ludovicus Ritcher. |
| 260 |
_aLipsiae : _bsumpitibus Bernh. Tauchnitz, _c1839. |
||
| 300 |
_a2 v. ; _c29 cm. |
||
| 505 | 8 | _aContiene: Pars I. Decretum gratiani -- Pars II. Decretalium collectiones. Canones et decreta sacrosancti oecumenici concilii tridentini | |
| 650 | 1 | 7 |
_aDerecho canónico _2embne _911655 |
| 700 | 1 |
_aBöhmer, Justus Henning. _929830 |
|
| 700 | 1 |
_aRichterm Aemilius Ludwig. _996991 |
|
| 852 |
_aES-MaACL _jB-10947-48 |
||
| 999 |
_c110528 _d110528 |
||